Rollos y tierras (Record no. 17559)

MARC details
000 -LEADER
campo de control de longitud fija 00761nam a2200217 i 4500
001 - NÚMERO DE CONTROL
campo de control 17559
003 - IDENTIFICADOR DE NÚMERO DE CONTROL
campo de control ES-MaACL
005 - FECHA Y HORA DE LA ÚLTIMA TRANSACCIÓN
campo de control 20240703151828.0
007 - CAMPO FIJO DE DESCRIPCIÓN FÍSICA--INFORMACIÓN GENERAL
campo de control de longitud fija t|
008 - DATOS DE LONGITUD FIJA--INFORMACIÓN GENERAL
campo de control de longitud fija 010403s2000 sp ||||1| spa d
020 ## - NÚMERO INTERNACIONAL ESTÁNDAR DEL LIBRO
Número Internacional Estándar del Libro 84-86711-12-6
080 ## - NÚMERO DE LA CLASIFICACIÓN DECIMAL UNIVERSAL
Número de la Clasificación Decimal Universal 796.95(460)
100 1# - ENTRADA PRINCIPAL--NOMBRE DE PERSONA
Nombre de persona Martín Rosado, Mariano.
9 (RLIN) 77637
245 10 - MENCIÓN DEL TÍTULO
Título Rollos y tierras
Resto del título : [aproximación a la dimensión histórica de los rollos de justicia en España] /
Mención de responsabilidad, etc. Mariano Martín Rosado ; [prólogo de Alberto Gil Novales].
260 ## - PUBLICACIÓN, DISTRIBUCIÓN, ETC.
Lugar de publicación, distribución, etc. Sigüenza :
Nombre del editor, distribuidor, etc. Librería Rayuela,
Fecha de publicación, distribución, etc. [2000]
300 ## - DESCRIPCIÓN FÍSICA
Extensión 250 p. :
Otras características físicas il. ;
Dimensiones 20 cm.
650 14 - PUNTO DE ACCESO ADICIONAL DE MATERIA--TÉRMINO DE MATERIA
Término de materia o nombre geográfico como elemento de entrada Rollos y picotas-
Subdivisión geográfica España.
9 (RLIN) 16931
700 0# - ENTRADA AGREGADA--NOMBRE PERSONAL
Nombre de persona Gil Novales, Alberto,
Fechas asociadas al nombre 1930-2016
9 (RLIN) 56851
852 ## - LOCALIZACIÓN
Ubicación ES-MaACL
Número de control de estantería L-24445
Sublocalización o colección R.129816
Holdings
Estatus retirado Estado de pérdida Estado de daño No para préstamo Biblioteca de origen Biblioteca actual Ubicación en estantería Fecha de adquisición Fuente de adquisición Total de préstamos Signatura topográfica completa Código de barras Visto por última vez Precio de reemplazo Tipo de ítem Koha
        Biblioteca del Ateneo de Madrid Biblioteca del Ateneo de Madrid Depósito 2 17/01/2008     L-24445 1017914 23/02/2023 23/02/2023 Libro impreso